| Tag |
First Indicator |
Second Indicator |
Subfields |
| LEADER |
00000nam a2200000 4500 |
| 001 |
in00004320175 |
| 005 |
20200812080145.0 |
| 006 |
m g d |
| 007 |
cr bn |||a|bb| |
| 008 |
950523s1678 enk o 00| | eng d |
| 035 |
|
|
|a (UnM)99829128
|
| 037 |
|
|
|a CL0037000074
|b ProQuest Information and Learning. 300 N. Zeeb Rd., Ann Arbor, MI 48106
|
| 040 |
|
|
|a Cu-RivES
|c Cu-RivES
|d CStRLIN
|e dcrb
|d WaOLN
|
| 100 |
1 |
|
|a Marshall, William,
|d 17th cent.
|
| 245 |
0 |
0 |
|a Philosophy delineated :
|b containing a resolution of divers knotty questions upon suddry [sic] philosophical notions: viz. Concerning the original of springs, and of their irregular ebbings and flowings. Of chymical multiplications or the increasing of quantity of liquors of distillation. Of the possibility of a persons learning in an hour or two to write his mind in a language he is ignorant of. Concerning sympathy between several parts of animal bodies, fresh water springs are asserted at the bottom of the sea. Of the sutures in the skul. Of the consistency of immense volatility with immense ponderousness of the motion of the celestial bodies about their particular axes. Concerning angles of contact. With a large cut of brass explaining divers problems. By William Marshall, Dr. of Physick of the College of Physicians, London.
|
| 246 |
2 |
|
|a Second section of philosophical answers.
|
| 260 |
|
|
|a London :
|b printed for Obadiah Blagrave, at the Bear in St. Paul's Church-Yard, near the Little North Door,
|c 1678.
|
| 300 |
|
|
|a 1 online resource ([24], 237, [1] pages, [2] plates, folding
|
| 336 |
|
|
|a text
|b txt
|2 rdacontent
|
| 337 |
|
|
|a computer
|b c
|2 rdamedia
|
| 338 |
|
|
|a online resource
|b cr
|2 rdacarrier
|
| 500 |
|
|
|a First leaf is blank. Title page is A2.
|
| 500 |
|
|
|a Errata on pages [23].
|
| 500 |
|
|
|a "The second section of philosophical answers" has separate dated title page; pagination and register are continuous.
|
| 500 |
|
|
|a Reproduction of the original in the British Library.
|
| 510 |
4 |
|
|a Wing (2nd edition)
|c M809B.
|
| 533 |
|
|
|a Electronic reproduction.
|b Ann Arbor, Mich. :
|c UMI,
|d 1999-
|f (Early English books online)
|n Digital version of: (Early English books, 1641-1700 ; 1917:10)
|7 s1999 miun s
|
| 650 |
|
0 |
|a Chemistry
|v Early works to 1800.
|
| 650 |
|
0 |
|a Astronomy
|v Early works to 1800.
|
| 650 |
|
0 |
|a Physiology
|v Early works to 1800.
|
| 650 |
|
0 |
|a Physics
|v Early works to 1800.
|
| 830 |
|
0 |
|a Early English books online.
|
| 856 |
4 |
0 |
|u http://proxy.library.tamu.edu/login?url=https://search.proquest.com/docview/2240858958
|z Connect to the full text of this electronic book
|t 0
|
| 999 |
f |
f |
|s 5b4ce351-ea4e-37f8-97f4-0f93b0a8b1cd
|i 93dcebc7-9c41-3f1a-95ec-a658aab9e985
|t 0
|
| 952 |
f |
f |
|a Texas A&M University
|b College Station
|c Electronic Resources
|d Available Online
|t 0
|h No information provided
|
| 998 |
f |
f |
|t 0
|l Available Online
|